000 00721nam a22002177a 4500
003 UA-OsUOA
001 124945
007 ta
008 20170830b un ||||| |||| 00| 0 ukr d
100 _aБіль М. М.
090 _a330(477)
_bБ67
942 _cSA
040 _aUA-OsUOA
_bukr
_cUA-OsUOA
_dUA-OsUOA
245 _aЕфективність механізму регулювання міграції населення: теоретико-методичні основи оцінювання
300 _aС.73-80
955 _a0
041 _aukr
080 _a330(477)
773 0 _w124940
_tРегіональна економіка
_dЛьвів
_d2017
_g2
650 7 _a330 Економіка взагалі
_2UDC
999 _c412140
_d412140